[Event "AUTO-OPEN-1799"]
[Site "http://www.queenalice.com/game.php?id=852397"]
[Date "2010.10.30"]
[Round "3"]
[White "Rafvanmar"]
[Black "saiesha"]
[Result "1-0"]
[WhiteElo "2372"]
[BlackElo "2032"]

1. d4 Nf6 2. c4 e6 3. Nc3 Bb4 4. Nf3 c5 5. e3 d5 6. Bd3 O-O 7. O-O Nc6 8. cxd5
Nxd5 9. Nxd5 exd5 10. dxc5 h6 11. Bb1 Bxc5 12. Qc2 g6 13. Qxc5 Bg4 14. Nd4 Nxd4
15. Qxd4 Be6 16. b3 Kh7 17. Bb2 Rg8 18. Bd3 Qg5 19. f4 1-0

[Event "AUTO-MASTER-1307"]
[Site "http://www.queenalice.com/game.php?id=878634"]
[Date "2010.12.29"]
[Round "1"]
[White "EL_CHICO"]
[Black "saiesha"]
[Result "1-0"]
[WhiteElo "2084"]
[BlackElo "2032"]

1. Nf3 Nf6 2. g3 b6 3. Bg2 Bb7 4. d4 e6 5. O-O Be7 6. Nc3 O-O 7. Re1 d5 8. Bg5
Nbd7 9. Nd2 h6 10. Bxf6 Nxf6 11. e4 dxe4 12. Ndxe4 Nxe4 13. Nxe4 Qc8 14. c4 f5
15. Nc3 Bxg2 16. Kxg2 Qd7 17. d5 e5 18. Rxe5 Bd6 19. Re6 f4 20. Ne4 f3+ 21. Kh1
Rae8 22. Rxe8 Qxe8 23. Nxd6 cxd6 24. Qe1 Qg6 25. Qe6+ Qxe6 26. dxe6 Re8 27. Re1
g5 28. g4 Kg7 29. Re3 a5 30. b3 Re7 31. h3 Kg6 32. Kh2 Kf6 33. Rxf3+ Kxe6 34.
Re3+ Kf6 35. Rxe7 Kxe7 36. Kg3 Ke6 37. Kf3 d5 38. cxd5+ Kxd5 39. Ke3 Ke5 40. a3
b5 41. b4 a4 42. f3 Kd5 43. f4 gxf4+ 44. Kxf4 Kc4 45. h4 Kb3 46. g5 hxg5+ 47.
hxg5 Kxa3 48. g6 Kb2 49. g7 a3 50. g8=Q a2 51. Qg7+ Kb1 52. Qg1+ Kb2 53. Qf2+
Ka3 54. Qe3+ Kxb4 55. Qd4+ Ka3 56. Qc3+ Ka4 57. Qb2 1-0

[Event "AUTO-MASTER-1307"]
[Site "http://www.queenalice.com/game.php?id=878635"]
[Date "2010.12.29"]
[Round "1"]
[White "saiesha"]
[Black "EL_CHICO"]
[Result "0-1"]
[WhiteElo "2047"]
[BlackElo "2060"]

1. d4 Nf6 2. c4 g6 3. Nc3 Bg7 4. e4 d6 5. f3 O-O 6. Be3 e5 7. d5 Na6 8. Qd2 c6
9. Bd3 Bd7 10. a3 cxd5 11. cxd5 Nc5 12. Bc2 b6 13. b4 Nb7 14. Nge2 Qc7 15. Rc1
Kh8 16. O-O Ng8 17. Bd3 Qd8 18. Bf2 a6 19. Rc2 f5 20. g3 fxe4 21. Bxe4 b5 22.
Rfc1 Rc8 23. Qd3 Nf6 24. Kg2 Nxe4 25. Nxe4 Rxc2 26. Rxc2 Qb8 27. Be3 Rc8 28. f4
Rxc2 29. Qxc2 Qc8 30. Qxc8+ Bxc8 31. fxe5 Bxe5 32. Bf4 Bxf4 33. Nxf4 Kg7 34. h3
Bf5 35. Kf3 Bxe4+ 36. Kxe4 Nd8 37. Ne6+ Nxe6 38. dxe6 Kf6 39. Kd5 Ke7 40. g4 g5
41. Kc6 Kxe6 42. Kb6 d5 43. Kxa6 d4 44. Kxb5 d3 45. a4 d2 46. a5 d1=Q 47. a6
Qd7+ 48. Kb6 Qd4+ 49. Kc7 Qa7+ 50. Kc6 Qxa6+ 51. Kc5 Ke5 52. b5 Qb7 53. b6 Kf4
0-1

[Event "AUTO-MASTER-1307"]
[Site "http://www.queenalice.com/game.php?id=878650"]
[Date "2010.12.29"]
[Round "1"]
[White "jpolgar99"]
[Black "saiesha"]
[Result "1-0"]
[WhiteElo "1923"]
[BlackElo "2018"]

1. e4 e6 2. d4 d5 3. Nc3 Bb4 4. e5 c5 5. a3 Ba5 6. Nf3 cxd4 7. Qxd4 Bxc3+ 8.
Qxc3 Ne7 9. Bb5+ Bd7 10. Bd3 Nbc6 11. O-O Rc8 12. Qd2 Ng6 13. Re1 h6 14. c4 O-O
15. cxd5 exd5 16. Bxg6 fxg6 17. Qxd5+ Kh7 18. Rd1 Nb8 19. Be3 Qc7 20. Rac1 Bc6
21. Qd3 Qf7 22. Nh4 Nd7 23. f4 Ba4 24. Re1 Rc6 25. Rxc6 Bxc6 26. g3 Qe6 27. Bxa7
Qg4 28. Be3 b6 29. b4 Nxe5 30. fxe5 Rf3 31. Qe2 Rxg3+ 32. hxg3 Qxg3+ 33. Ng2 Qh3
34. Bxb6 Qg3 35. e6 1-0

[Event "AUTO-MASTER-1307"]
[Site "http://www.queenalice.com/game.php?id=878651"]
[Date "2010.12.29"]
[Round "1"]
[White "saiesha"]
[Black "jpolgar99"]
[Result "1/2-1/2"]
[WhiteElo "2003"]
[BlackElo "1907"]

1. d4 Nf6 2. c4 g6 3. Nc3 Bg7 4. e4 d6 5. f3 O-O 6. Be3 e5 7. d5 c6 8. Qd2 cxd5
9. cxd5 a6 10. Rc1 Nbd7 11. Nge2 Nb6 12. Ng3 Bd7 13. Bh6 Rc8 14. h4 Nc4 15. Bxc4
Rxc4 16. Bxg7 Kxg7 17. h5 Ng8 18. hxg6 fxg6 19. Ke2 b5 20. b3 Rc7 21. Qe3 Qc8
22. Kf2 Rc5 23. Nce2 Rxc1 24. Rxc1 Qb7 25. Qg5 Qb6+ 26. Kf1 Rc8 27. Rxc8 Bxc8
28. Nf5+ Kh8 29. Nh6 Nxh6 30. Qxh6 Qd8 31. f4 Qf6 32. g3 Bg4 33. Kf2 Bxe2 34.
Kxe2 exf4 35. gxf4 Qg7 36. Qxg7+ Kxg7 37. e5 dxe5 38. fxe5 Kf7 39. d6 Ke6 40.
Kf3 b4 41. Kg4 h6 42. Kf4 a5 43. Kg4 Kf7 44. d7 Ke7 45. e6 Kd8 46. Kh4 Ke7 47.
Kg4 Kd8 1/2-1/2

[Event "AUTO-MASTER-1307"]
[Site "http://www.queenalice.com/game.php?id=878662"]
[Date "2010.12.29"]
[Round "1"]
[White "saiesha"]
[Black "Famelo"]
[Result "1/2-1/2"]
[WhiteElo "1999"]
[BlackElo "2132"]

1. d4 Nf6 2. c4 g6 3. Nc3 Bg7 4. e4 d6 5. f3 O-O 6. Be3 Nc6 7. Qd2 e5 8. d5 Nd4
9. Nge2 Bd7 10. Nxd4 exd4 11. Bxd4 Re8 12. Be2 c5 13. Be3 a6 14. Rc1 Rb8 15. a4
Nh5 16. g4 Nf6 17. h4 b5 18. axb5 axb5 19. cxb5 Qe7 20. h5 Qf8 21. hxg6 fxg6 22.
g5 Nh5 23. Rg1 Be5 24. Kf2 Nf4 25. Bf1 Bxc3 26. Rxc3 Nh5 27. Bd3 Bxb5 28. Bxb5
Rxb5 29. Rc4 Qg7 30. b4 Reb8 31. Rb1 Rf8 32. f4 Rbb8 33. b5 Qe7 34. b6 Qxg5 35.
Rg1 Qh4+ 36. Ke2 Rxb6 37. f5 Qh2+ 38. Kd1 Rb1+ 39. Rc1 Qxd2+ 40. Bxd2 Rxc1+ 41.
Kxc1 Kf7 42. fxg6+ hxg6 43. Rg4 Re8 44. Bg5 Re5 45. Kd2 Nf6 46. Bxf6 Kxf6 47.
Kd3 g5 48. Kc4 Kg6 49. Kb5 Kh5 50. Rg1 Rxe4 51. Kc6 c4 52. Kxd6 c3 53. Rc1 g4
54. Rxc3 Kg6 55. Kc7 Kf5 56. d6 Kf4 57. d7 Re7 58. Kc8 Rxd7 59. Kxd7 g3 60. Ke6
g2 61. Rc4+ Kf3 1/2-1/2

[Event "AUTO-MASTER-1307"]
[Site "http://www.queenalice.com/game.php?id=878663"]
[Date "2010.12.29"]
[Round "1"]
[White "Famelo"]
[Black "saiesha"]
[Result "1/2-1/2"]
[WhiteElo "2130"]
[BlackElo "1998"]

1. f4 d5 2. Nf3 Nf6 3. e3 c5 4. d4 e6 5. Be2 Nc6 6. O-O Be7 7. c3 O-O 8. Ne5
cxd4 9. exd4 Nd7 10. Nd2 Ndxe5 11. fxe5 f5 12. exf6 Bxf6 13. Nf3 Bd7 14. Be3 Qe7
15. Bd3 Rf7 16. Qc2 g6 17. Qd2 Raf8 18. Bh6 Bg7 19. Bxg7 Kxg7 20. b4 a6 21. a4
Qd6 22. Rae1 Qf4 23. Qxf4 Rxf4 24. b5 axb5 25. axb5 Na7 26. c4 dxc4 27. Bxc4
Bxb5 28. Bxb5 Nxb5 29. Rb1 Nxd4 30. Rxb7+ Kg8 31. Re7 Nxf3+ 32. Rxf3 Rxf3 33.
gxf3 Rxf3 34. Rxe6 Kf7 35. Rb6 h5 36. Kg2 Ra3 37. h4 Ra4 38. Kg3 Rg4+ 39. Kh3
Re4 40. Kg3 Re6 41. Rb2 Re3+ 42. Kf4 Re1 43. Rb6 Rf1+ 44. Kg5 Rg1+ 45. Kh6 Rg4
46. Ra6 Rxh4 47. Ra7+ Kf6 48. Ra6+ Kf5 49. Rxg6 Rg4 50. Ra6 h4 51. Kh5 Rb4 52.
Ra1 h3 53. Rh1 Rb8 54. Kh4 Rh8+ 55. Kg3 h2 56. Rxh2 Rxh2 57. Kxh2 Kg4 58. Kg2
Kf4 1/2-1/2

[Event "AUTO-OPEN-2279"]
[Site "http://www.queenalice.com/game.php?id=906670"]
[Date "2011.2.28"]
[Round "1"]
[White "saiesha"]
[Black "PawnOne"]
[Result "0-1"]
[WhiteElo "2016"]
[BlackElo "1862"]

1. d4 d5 2. c4 dxc4 3. e3 Nf6 4. Bxc4 e6 5. Nf3 Nc6 6. O-O Bd6 7. Nc3 Bd7 8. a3
O-O 9. Qc2 a6 10. Ne4 Nxe4 11. Qxe4 Qf6 12. Bd3 Qg6 13. Bd2 Qxe4 14. Bxe4 b6 15.
Rac1 Nxd4 16. Nxd4 Rab8 17. Nc6 Rbc8 18. Bb4 Bxc6 19. Bxc6 Bxb4 20. axb4 b5 21.
Bb7 Rcd8 22. Rxc7 Rd6 23. Rfc1 g6 24. R7c6 Rfd8 25. h3 Rxc6 26. Rxc6 Rd1+ 27.
Kh2 Rd2 28. Bxa6 Rxb2 29. Bxb5 Rxb4 30. Ba6 Rb2 31. f3 Kg7 32. Bc8 Rb8 33. Rc7
Rb6 34. Bd7 Kf8 35. Ba4 Rb4 36. Rc8+ Ke7 37. Re8+ Kf6 0-1

[Event "AUTO-OPEN-2279"]
[Site "http://www.queenalice.com/game.php?id=906671"]
[Date "2011.2.28"]
[Round "1"]
[White "PawnOne"]
[Black "saiesha"]
[Result "1-0"]
[WhiteElo "1884"]
[BlackElo "1994"]

1. e4 Nf6 2. Nc3 d5 3. e5 d4 4. exf6 dxc3 5. fxe7 cxd2+ 6. Bxd2 Bxe7 7. Nf3 Bg4
8. Be2 Nc6 9. O-O O-O 10. c3 h6 11. Kh1 Bxf3 12. Bxf3 Qd6 13. Re1 Rae8 14. b4
Rd8 15. Be3 Qf6 16. Qc2 a6 17. a4 Bd6 18. b5 Na5 19. Bd4 Qh4 20. g3 Qh3 21. Re4
Qf5 22. Kg2 Rde8 23. Bxg7 Kxg7 24. Rg4+ Kf6 25. Qxf5+ Kxf5 26. Rd1 axb5 27. axb5
Re5 28. Rf4+ Kg6 29. c4 b6 30. Be4+ f5 31. Bd5 h5 32. Rf3 Re2 33. Ra1 Rfe8 34.
Rd1 Rc2 35. Rd4 Bc5 36. Rdf4 Re5 37. Rd3 Ree2 38. Kf1 1-0

[Event "AUTO-OPEN-2279"]
[Site "http://www.queenalice.com/game.php?id=906672"]
[Date "2011.2.28"]
[Round "1"]
[White "saiesha"]
[Black "melr111"]
[Result "0-1"]
[WhiteElo "1987"]
[BlackElo "1869"]

1. d4 d5 2. c4 c6 3. Nc3 e6 4. e3 Nf6 5. c5 Nbd7 6. b4 b6 7. Bd3 bxc5 8. bxc5 e5
9. Qe2 e4 10. a4 exd3 11. Qxd3 Qa5 12. Bd2 Qc7 13. Nf3 Be7 14. O-O h6 15. Rab1
Rb8 16. Rxb8 Qxb8 17. Rb1 Qc7 18. e4 dxe4 19. Nxe4 Nd5 20. Re1 O-O 21. Ng3 N7f6
22. Ne5 Ng4 23. Nc4 Ngf6 24. Ba5 Qf4 25. Ne5 Ng4 26. f3 Nxe5 27. Rxe5 Bf6 28.
Nh5 Qc1+ 29. Re1 Qb2 30. Bc3 Nxc3 31. Nxf6+ gxf6 32. Qe3 Be6 33. Qxh6 Ne2+ 34.
Kh1 Nxd4 35. Qxf6 Qd2 36. Qh4 Nf5 37. Qg4+ Ng7 38. Qg3 Qb4 39. h3 Qxc5 40. Re4
Bd5 41. Rg4 Qc3 42. f4 Qxg3 43. Rxg3 Re8 44. f5 Kf8 0-1

[Event "AUTO-OPEN-2279"]
[Site "http://www.queenalice.com/game.php?id=906673"]
[Date "2011.2.28"]
[Round "1"]
[White "melr111"]
[Black "saiesha"]
[Result "0-1"]
[WhiteElo "1858"]
[BlackElo "1989"]

1. e4 Nf6 2. Nc3 d5 3. exd5 Nxd5 4. Nf3 e6 5. Bb5+ Bd7 6. Bxd7+ Qxd7 7. Nxd5
Qxd5 8. O-O Nc6 9. c3 Be7 10. d4 O-O-O 11. Bf4 g5 12. Be3 h6 13. h3 f5 14. g3 f4
15. gxf4 gxf4 16. Bxf4 Rhg8+ 17. Bg3 Bd6 18. Kh2 Bxg3+ 19. fxg3 Qd6 20. Qe1 Rdf8
21. Rd1 Rf5 22. Kg2 Rgf8 23. Qe3 Qd5 24. Rd3 Qxa2 25. Rd2 Qc4 26. Rdf2 Qd5 27.
Rc1 e5 28. Rcf1 exd4 29. cxd4 Kd7 30. b3 Re8 31. Qd3 Nb4 32. Qc4 a5 33. Qxd5+
Nxd5 34. Ne5+ Rfxe5 35. dxe5 Rxe5 36. Rf7+ Ke6 37. Rh7 Ne3+ 38. Kg1 Nxf1 39.
Kxf1 Re3 40. Rxh6+ Kd7 41. g4 Rxb3 42. Ke1 a4 43. Kd2 a3 44. Kc2 Rb2+ 45. Kc3
Rb1 46. Rh7+ Kc6 47. Rh6+ Kb5 48. Rh5+ c5 49. g5 a2 50. g6 a1=Q+ 51. Kd3 Qd4+
52. Ke2 Rb2+ 53. Kf3 Rf2+ 54. Kg3 Qf4# 0-1

[Event "AUTO-OPEN-2279"]
[Site "http://www.queenalice.com/game.php?id=906675"]
[Date "2011.2.28"]
[Round "1"]
[White "LUKK22"]
[Black "saiesha"]
[Result "1-0"]
[WhiteElo "2445"]
[BlackElo "1974"]

1. g4 d5 2. Bg2 Bxg4 3. c4 c6 4. cxd5 cxd5 5. Qb3 Nf6 6. Qxb7 Nbd7 7. Nc3 e6 8.
Nb5 Rc8 9. Qxa7 Bc5 10. Qa4 O-O 11. d4 Nb6 12. Qb3 Be7 13. Bd2 Nc4 14. Bb4 Rb8
15. a4 Bf5 16. Nf3 Bxb4+ 17. Qxb4 Ne4 18. Ne5 Nxe5 19. dxe5 Qb6 20. Bxe4 Bxe4
21. Rg1 Qc6 22. Rg3 Qa6 23. Rc1 Rfd8 24. Rc7 Qb6 25. Rgc3 d4 26. R3c4 h6 27. Qe7
Bg6 28. b4 1-0

[Event "AUTO-ADV-2086"]
[Site "http://www.queenalice.com/game.php?id=906772"]
[Date "2011.2.28"]
[Round "1"]
[White "saiesha"]
[Black "BboyH"]
[Result "1-0"]
[WhiteElo "2008"]
[BlackElo "1804"]

1. d4 b5 2. e4 a6 3. Nf3 Bb7 4. Bd3 e6 5. O-O d5 6. e5 h6 7. Be3 Ne7 8. c3 Nec6
9. Nbd2 f6 10. Bg6+ Kd7 11. Bd3 Kc8 12. Rc1 fxe5 13. Nxe5 Nxe5 14. dxe5 Nc6 15.
Nf3 g5 16. Nd4 Qd7 17. Qg4 Nxd4 18. cxd4 c6 19. f4 gxf4 20. Qxf4 Be7 21. Qf7 Kc7
22. Bxb5 axb5 23. a3 Raf8 24. Qg7 Bg5 25. Qxd7+ Kxd7 26. Bxg5 hxg5 27. h3 Rf4
28. Rcd1 Ba6 29. b4 Re4 30. Rf7+ Kd8 31. Rc1 Bc8 32. Rxc6 Bd7 33. Rd6 Rxd4 34.
Rdxd7+ Kc8 35. Ra7 Kb8 36. Rab7+ Kc8 37. Rxb5 Re4 38. Ra5 Kb8 39. Raa7 Rxe5 40.
Rfb7+ Kc8 41. Rg7 Kb8 42. Rab7+ Kc8 43. a4 d4 44. a5 d3 45. a6 d2 46. Rgc7+ Kd8
47. Rd7+ Kc8 48. Rxd2 Re1+ 49. Kf2 Ra1 50. b5 Rf8+ 51. Kg3 Rf5 52. Rc2+ Kd8 53.
a7 Rf8 54. Rb8+ Ke7 55. b6 Ra3+ 56. Kh2 Rd8 57. Rc7+ Ke8 58. Rxd8+ Kxd8 59. b7
1-0

[Event "AUTO-ADV-2086"]
[Site "http://www.queenalice.com/game.php?id=906773"]
[Date "2011.2.28"]
[Round "1"]
[White "BboyH"]
[Black "saiesha"]
[Result "0-1"]
[WhiteElo "1812"]
[BlackElo "2000"]

1. d4 Nf6 2. c4 g6 3. Nf3 Bg7 4. Nc3 d6 5. Qd3 O-O 6. e4 Nc6 7. Be3 Bg4 8. Be2
Bxf3 9. Bxf3 e5 10. d5 Nb4 11. Qd2 Na6 12. Bg5 Qd7 13. a3 Nc5 14. Be3 Nb3 15.
Qd1 Nxa1 16. Qxa1 a6 17. O-O Ng4 18. Bd2 f5 19. Qd1 Nf6 20. Bg5 Rae8 21. Qc2
Nxe4 22. Nxe4 fxe4 23. Qxe4 Rf5 24. Bg4 Ref8 25. Bxf5 Rxf5 26. h4 h6 27. Be3 Qf7
28. g4 Rf3 29. Kg2 Rf6 30. g5 hxg5 31. Bxg5 Rf5 32. f3 Kh7 33. Kg3 Bh6 34. Bxh6
Kxh6 35. b4 Rf4 36. Qe3 Qf5 37. Rc1 g5 38. Rh1 g4 39. Rf1 gxf3 40. Rxf3 Qg4+ 41.
Kf2 Kh5 42. c5 Qxh4+ 43. Ke2 Qg4 44. cxd6 Qg2+ 45. Rf2 Rxf2+ 46. Qxf2 Qxf2+ 47.
Kxf2 cxd6 48. Kf3 b5 49. Ke4 Kg4 50. Ke3 Kf5 51. Kf3 e4+ 52. Ke3 Ke5 53. Kd2
Kxd5 54. Kc3 Ke5 55. Kd2 Kd4 0-1

[Event "AUTO-ADV-2086"]
[Site "http://www.queenalice.com/game.php?id=906774"]
[Date "2011.2.28"]
[Round "1"]
[White "saiesha"]
[Black "Markus1234567"]
[Result "1-0"]
[WhiteElo "2004"]
[BlackElo "1983"]

1. d4 d5 2. c4 c6 3. e3 Nf6 4. Nf3 e6 5. Nc3 Bb4 6. Be2 Ne4 7. Qc2 Qa5 8. Bd2
Nxd2 9. Nxd2 O-O 10. O-O Bd6 11. c5 Be7 12. Nb3 Qc7 13. f4 f5 14. Nc1 b5 15. Nd3
Nd7 16. b4 a5 17. a3 a4 18. Ne1 Nf6 19. Nf3 Ng4 20. Qd2 Bf6 21. Ne5 Bxe5 22.
fxe5 Qe7 23. h3 Nh6 24. Bf3 Bd7 25. Ne2 Be8 26. Nf4 Nf7 27. Qf2 Ng5 28. Ra2 Ne4
29. Bxe4 fxe4 30. Qg3 Qf6 31. exf6 Rxf6 32. Raf2 Bd7 33. Nh5 Rg6 34. Qd6 1-0

[Event "AUTO-ADV-2086"]
[Site "http://www.queenalice.com/game.php?id=906775"]
[Date "2011.2.28"]
[Round "1"]
[White "Markus1234567"]
[Black "saiesha"]
[Result "1-0"]
[WhiteElo "1941"]
[BlackElo "2016"]

1. e4 Nf6 2. e5 Nd5 3. c4 Nb6 4. c5 Nd5 5. Bc4 e6 6. d4 Nc6 7. Bxd5 exd5 8. Nc3
Ne7 9. Bg5 c6 10. f4 h6 11. Bh4 b5 12. Nf3 Qc7 13. O-O Ng6 14. Ne2 Be7 15. Bg3
f5 16. a4 b4 17. a5 Ba6 18. Rf2 O-O-O 19. Qb3 Qb7 20. Ra4 Bxc5 21. dxc5 Bc4 22.
Qxb4 Qa6 23. Nfd4 Kc7 24. Nxf5 Bxe2 25. Nxg7 Bb5 26. Ra1 Rhg8 27. Nh5 Ne7 28. f5
Kc8 29. f6 Ng6 30. f7 Rgf8 31. e6 dxe6 32. Bd6 Rxd6 33. cxd6 Ne5 34. Rf6 Be2 35.
Rxe6 Bxh5 36. Rxe5 Bxf7 37. d7+ 1-0

[Event "AUTO-ADV-2086"]
[Site "http://www.queenalice.com/game.php?id=906776"]
[Date "2011.2.28"]
[Round "1"]
[White "saiesha"]
[Black "CaioPoeta"]
[Result "1-0"]
[WhiteElo "1966"]
[BlackElo "2144"]

1. d4 Nf6 2. c4 e6 3. Nc3 Bb4 4. Qc2 c5 5. dxc5 Bxc5 6. Nf3 O-O 7. Bg5 Nc6 8. e3
b6 9. a3 a5 10. Bd3 h6 11. Bxf6 Qxf6 12. Ne4 Qe7 13. Nxc5 Qxc5 14. O-O Bb7 15.
Rfd1 Rac8 16. Be2 d5 17. b3 b5 18. Qa2 bxc4 19. bxc4 Ne7 20. Rac1 dxc4 21. Rxc4
Qa7 22. Rg4 Bxf3 23. Bxf3 Qc5 24. Qb2 Qc3 25. Qb5 Rfd8 26. Rgd4 Rxd4 27. exd4
Qxa3 28. Qb7 Rc1 29. Qb8+ Kh7 30. Qf4 Nf5 31. Rxc1 1-0

[Event "AUTO-ADV-2086"]
[Site "http://www.queenalice.com/game.php?id=906777"]
[Date "2011.2.28"]
[Round "1"]
[White "CaioPoeta"]
[Black "saiesha"]
[Result "1-0"]
[WhiteElo "2147"]
[BlackElo "1997"]

1. c4 Nf6 2. Nc3 e6 3. g3 g6 4. Bg2 Bg7 5. Nf3 d6 6. e3 c5 7. O-O Nc6 8. d4 cxd4
9. Nxd4 Nxd4 10. exd4 a6 11. Re1 O-O 12. Be3 Rb8 13. b4 Bd7 14. a4 b5 15. axb5
axb5 16. c5 d5 17. Bf1 Ne4 18. Nxe4 dxe4 19. Qc2 f5 20. Ra7 Bc6 21. Rd1 Rb7 22.
Rxb7 Bxb7 23. Bxb5 Qc7 24. Bc4 Bd5 25. b5 Ra8 26. Qb3 Qf7 27. c6 Bf8 28. Bf4 Ra3
29. Bxd5 Rxb3 30. Bxb3 Kg7 31. c7 1-0

[Event "AUTO-MASTER-1504"]
[Site "http://www.queenalice.com/game.php?id=990035"]
[Date "2011.9.26"]
[Round "1"]
[White "Whoami"]
[Black "saiesha"]
[Result "1-0"]
[WhiteElo "2169"]
[BlackElo "1965"]

1. c4 Nf6 2. Nc3 g6 3. d4 Bg7 4. e4 d6 5. Nf3 O-O 6. Be2 e5 7. O-O Re8 8. dxe5
Ng4 9. exd6 cxd6 10. h3 Ne5 11. Nb5 Bf8 12. Nxe5 Rxe5 13. Nc3 Nc6 14. Bf4 Re8
15. Qd2 Ne5 16. Nd5 f6 17. Rfd1 g5 18. Bg3 Be6 19. f4 gxf4 20. Qxf4 Bg7 21. Bh5
Rf8 22. Rac1 Rc8 23. b3 b6 24. Bh4 Bxd5 25. exd5 Ng6 26. Bxg6 hxg6 27. Bg3 Re8
28. Re1 Re5 29. Qg4 Rg5 30. Qe6+ Kh7 31. Bxd6 Rf5 32. Re4 b5 33. Rh4+ 1-0

[Event "AUTO-MASTER-1504"]
[Site "http://www.queenalice.com/game.php?id=990036"]
[Date "2011.9.26"]
[Round "1"]
[White "saiesha"]
[Black "Whoami"]
[Result "0-1"]
[WhiteElo "1957"]
[BlackElo "2175"]

1. d4 g6 2. c4 Bg7 3. Nc3 c5 4. Nf3 Nf6 5. e4 cxd4 6. Nxd4 d6 7. Be2 O-O 8. O-O
Nbd7 9. Be3 Nc5 10. f3 a6 11. Rc1 b6 12. b4 Ne6 13. Nxe6 Bxe6 14. Nd5 Nxd5 15.
cxd5 Bd7 16. Bd4 b5 17. Bxg7 Kxg7 18. Qd4+ f6 19. f4 Qb8 20. Rc2 Rc8 21. Rfc1
Rxc2 22. Rxc2 Qa7 23. Qxa7 Rxa7 24. h3 Kf8 25. g4 Ke8 26. a3 Kd8 27. Kf2 Rc7 28.
Rxc7 Kxc7 29. Ke3 h6 30. h4 g5 31. hxg5 hxg5 32. fxg5 fxg5 0-1

[Event "AUTO-MASTER-1504"]
[Site "http://www.queenalice.com/game.php?id=990049"]
[Date "2011.9.26"]
[Round "1"]
[White "FLAMENGO_B"]
[Black "saiesha"]
[Result "1-0"]
[WhiteElo "2317"]
[BlackElo "1948"]

1. d4 Nf6 2. c4 c5 3. d5 b5 4. cxb5 a6 5. bxa6 Bxa6 6. Nf3 d6 7. Nc3 g6 8. e4
Bxf1 9. Rxf1 Bg7 10. a4 Na6 11. Qe2 Nb4 12. Nb5 O-O 13. Bd2 Nc2+ 14. Kd1 Nxa1
15. Qc4 Nd7 16. Qa2 Qb6 17. Qa3 Ra6 18. Ke2 Nc2 19. Qb3 1-0

[Event "AUTO-MASTER-1504"]
[Site "http://www.queenalice.com/game.php?id=990050"]
[Date "2011.9.26"]
[Round "1"]
[White "saiesha"]
[Black "FLAMENGO_B"]
[Result "0-1"]
[WhiteElo "1950"]
[BlackElo "2316"]

1. d4 Nf6 2. c4 e6 3. Nf3 Bb4+ 4. Bd2 Bxd2+ 5. Nbxd2 d5 6. e3 Nc6 7. a3 O-O 8.
Bd3 Qd6 9. c5 Qe7 10. b4 e5 11. dxe5 Nxe5 12. Nxe5 Qxe5 13. Ra2 a5 14. Nf3 Qe7
15. Qc2 axb4 16. axb4 Bg4 17. Nd4 Rxa2 0-1

[Event "AUTO-MASTER-1504"]
[Site "http://www.queenalice.com/game.php?id=990059"]
[Date "2011.9.26"]
[Round "1"]
[White "saiesha"]
[Black "aeapmestre"]
[Result "0-1"]
[WhiteElo "1968"]
[BlackElo "2305"]

1. d4 Nf6 2. Bg5 Ne4 3. Bh4 d5 4. f3 g5 5. fxe4 gxh4 6. e5 Bf5 7. Nf3 e6 8. e3
Bh6 9. Qd2 Nc6 10. Na3 a6 11. Bd3 Bxd3 12. Qxd3 Qe7 13. c3 O-O-O 14. O-O-O Rhg8
15. Rhg1 Rg4 16. Nc2 Rg7 17. Rdf1 Rdg8 18. Rf2 f5 19. exf6 Qxf6 20. Qe2 Qe7 21.
Kb1 e5 22. dxe5 Nxe5 23. Ncd4 Ng4 24. Nf5 Qe4+ 25. Qc2 Nxf2 26. Nxg7 Rxg7 0-1

[Event "AUTO-MASTER-1504"]
[Site "http://www.queenalice.com/game.php?id=990060"]
[Date "2011.9.26"]
[Round "1"]
[White "aeapmestre"]
[Black "saiesha"]
[Result "1-0"]
[WhiteElo "2253"]
[BlackElo "1972"]

1. e4 c6 2. d4 d5 3. e5 Bf5 4. g4 Bg6 5. h4 h6 6. e6 Nf6 7. h5 Bh7 8. exf7+ Kxf7
9. Bd3 Qc8 10. f3 Qe6+ 11. Ne2 g5 12. hxg6+ Bxg6 13. Bxg6+ Kxg6 14. Qd3+ Kf7 15.
g5 Ng8 16. Be3 Bg7 17. Nf4 Qd6 18. Qf5+ Ke8 19. Qc8+ Qd8 20. Qxd8+ 1-0